| 000 -LEADER | |
|---|---|
| fixed length control field | 00443nam a22001697a 4500 |
| 005 - DATE AND TIME OF LATEST TRANSACTION | |
| control field | 20250305112306.0 |
| 008 - FIXED-LENGTH DATA ELEMENTS--GENERAL INFORMATION | |
| fixed length control field | 200521b xxu||||| |||| 00| 0 eng d |
| 020 ## - INTERNATIONAL STANDARD BOOK NUMBER | |
| ISBN | 978-93-80231-69-3 |
| 041 ## - LANGUAGE CODE | |
| Language code of text/sound track or separate title | eng |
| 082 ## - DEWEY DECIMAL CLASSIFICATION NUMBER | |
| Classification number | 344.5409 SIN |
| 100 ## - MAIN ENTRY--AUTHOR NAME | |
| Personal name | SINGH, J.S. AND BEHL, NISHI |
| 245 ## - TITLE STATEMENT | |
| Title | LEGAL LANGUAGE WRITING & GENERAL ENGLISH |
| 260 ## - PUBLICATION, DISTRIBUTION, ETC. (IMPRINT) | |
| Place of publication | Faridabad |
| Name of publisher | ALLAHABAD LAW AGENCY |
| Year of publication | 2018 |
| 300 ## - PHYSICAL DESCRIPTION | |
| Number of Pages | 486p. |
| 650 ## - SUBJECT ADDED ENTRY--TOPICAL TERM | |
| Topical Term | LAW |
| 942 ## - ADDED ENTRY ELEMENTS (KOHA) | |
| Koha item type | Books |
| Lost status | Damaged status | Collection code | Home library | Current library | Shelving location | Date acquired | Source of acquisition | Cost, normal purchase price | Full call number | Accession Number | Koha item type |
|---|---|---|---|---|---|---|---|---|---|---|---|
| Reference | JRU Library | JRU Library | SHELF- 67 C | 02/06/2020 | PURCHASE | 400.00 | 344.5409 SIN | 24304 | Books | ||
| LAW | JRU Library | JRU Library | SHELF-30-B | 02/06/2020 | PURCHASE | 400.00 | 344.5409 SIN | 24305 | Books | ||
| LAW | JRU Library | JRU Library | SHELF-30-B | 02/06/2020 | PURCHASE | 400.00 | 344.5409 SIN | 24306 | Books | ||
| LAW | JRU Library | JRU Library | SHELF-30-B | 02/06/2020 | PURCHASE | 400.00 | 344.5409 SIN | 24307 | Books | ||
| LAW | JRU Library | JRU Library | SHELF-30-B | 02/06/2020 | PURCHASE | 400.00 | 344.5409 SIN | 24308 | Books |